000 00289nam a22001337a 4500
008 171127b xxu||||| |||| 00| 0 eng d
020 _a0915511037
041 _aeng
080 _a7
100 _a45
101 _aART
245 _aCHILDE HASSAM IN INDIANA
_cJOYAUX,A.G
942 _2udc
_cBK
999 _c38572
_d38572